00000000cam 2200000zi 4500
0019.960636
003CaOODSP
00520260511104510
006m     o  d f      
007cr |n|||||||||
008260305e20260427oncab   obf  f000 0 fre d
020 |a9780660988030
040 |aCaOODSP|bfre|erda|cCaOODSP
043 |an-cn---
0861 |aD18-2/2026F-PDF
1102 |aGarde côtière canadienne.|eauteur, |eorganisme de publication.
24510|aNavigation dans les glaces en eaux canadiennes.
250 |aSeptième édition - version no 1.
264 1|aOttawa (Ontario) : |bDéfense nationale Canada, Garde côtière canadienne, |c27 avril 2026.
264 4|c©2026
300 |a1 ressource en ligne (xiii, 180 pages) : |billustrations, cartes
336 |atexte|btxt|2rdacontent/fre
337 |ainformatique|bc|2rdamedia/fre
338 |aressource en ligne|bcr|2rdacarrier/fre
500 |aPublié aussi en anglais sous le titre : Ice navigation in Canadian waters.
500 |a« DGM No.: DGM-311025-JJ6. »
504 |aComprend des références bibliographiques.
520 |a« Le manuel GCC/6120 - Navigation dans les glaces en eaux canadiennes est publié par la Garde côtière canadienne (GCC), en collaboration avec Transports Canada Sécurité maritime, le Service canadien des glaces (SCG) d'Environnement et Changement climatique Canada (ECCC) et le Service hydrographique du Canada de Pêches et Océans Canada. La publication vise à aider les navires opérant dans les glaces de toutes les eaux canadiennes, incluant l'Arctique. Les navigateurs des navires transitant dans les eaux couvertes de glaces au Canada y trouveront l'information nécessaire pour comprendre les lois et règlements, les services d'aide à la navigation, les dangers et les techniques de navigation » -- introduction, page xiii.
650 6|aNavigation dans les glaces|zCanada|vGuides, manuels, etc.
655 7|aGuides et manuels|2rvmgf
7101 |aCanada.|bTransports Canada. |bSécurité maritime, |econtributeur.
7101 |aCanada.|bEnvironnement et changement climatique Canada. |bService canadien des glaces, |econtributeur.
7102 |aService hydrographique du Canada, |econtributeur.
77508|tIce navigation in Canadian waters.|w(CaOODSP)9.960635
795 |tNavigation dans les glaces en eaux Canadiennes.|w(CaOODSP)9.918805
85640|qPDF|s11.5 Mo|uhttps://publications.gc.ca/collections/collection_2026/mdn-dnd/D18-2-2026-fra.pdf
986 |aDGM-311025-JJ6